Statistics for Objects by Picture - N

Click here to take the quiz!

General Stats

  • This quiz has been taken 69 times
  • The average score is 13 of 15

Answer Stats

Answer % Correct
Nine
100%
Nose
100%
Nest
98%
Neptune
98%
Nail
97%
Newspaper
97%
Needle
92%
Ninja
89%
Necklace
89%
Noodles
85%
Nickel
82%
Nachos
77%
Noose
72%
Nutcracker
70%
Nicaragua
59%

Score Distribution

Percentile by Number Answered

Percent of People with Each Score

Your Score History

You have not taken this quiz